[Event "EU YCH Team U12 boys"]
[Site "Thessaloniki"]
[Date "2022.07.13"]
[Round "2.4"]
[White "Sobol, Matvii"]
[Black "Zakin, Lior"]
[Result "1-0"]
[WhiteElo "1407"]
[BlackElo "1318"]
[PlyCount "47"]
[EventDate "2022.07.12"]
[EventType "swiss"]
[EventRounds "7"]
[EventCountry "GRE"]
[SourceTitle "Youth Database"]
[Source "CBase R.Goldau"]
[SourceDate "2000.03.01"]
[SourceVersion "1"]
[SourceVersionDate "2022.07.18"]
[SourceQuality "1"]
[WhiteTeam "Ukraine"]
[BlackTeam "Israel"]
[WhiteTeamCountry "UKR"]
[BlackTeamCountry "ISR"]

1. e4 c5 2. Nf3 g6 3. c3 d5 4. exd5 Qxd5 5. d4 Bg7 6. Be3 cxd4 7. cxd4 Nc6 8.
Nc3 Qd8 9. d5 Ne5 10. Be2 Nxf3+ 11. Bxf3 Nf6 12. O-O O-O 13. Re1 Bd7 14. Qb3
Qa5 15. Bf4 e6 16. Qxb7 exd5 17. Nxd5 Nxd5 18. Bxd5 Qa4 19. Re4 Qa5 20. Bd6
Rae8 21. Bxf8 Rxf8 22. Qxd7 Bxb2 23. Rae1 Bf6 24. h3 1-0

[Event "EU YCH Team U12 boys"]
[Site "Thessaloniki"]
[Date "2022.07.13"]
[Round "2.1"]
[White "Ivanov, Andrey"]
[Black "Tadic, Jure"]
[Result "1-0"]
[WhiteElo "1515"]
[BlackElo "1571"]
[PlyCount "55"]
[EventDate "2022.07.12"]
[EventType "swiss"]
[EventRounds "7"]
[EventCountry "GRE"]
[SourceTitle "Youth Database"]
[Source "CBase R.Goldau"]
[SourceDate "2000.03.01"]
[SourceVersion "1"]
[SourceVersionDate "2022.07.18"]
[SourceQuality "1"]
[WhiteTeam "Mazedonien"]
[BlackTeam "Kroatien"]
[WhiteTeamCountry "MKD"]
[BlackTeamCountry "CRO"]

1. d4 Nf6 2. Nf3 e6 3. e3 d5 4. Bd3 Be7 5. b3 O-O 6. Bb2 b6 7. Nbd2 c5 8. Qe2
Nc6 9. c4 Bb7 10. a3 Qc7 11. Ne5 Rfd8 12. cxd5 exd5 13. O-O Rac8 14. f4 Bf8 15.
Ndf3 Ne4 16. Bxe4 dxe4 17. Ng5 Nxe5 18. fxe5 Bd5 19. Rf4 Qb7 20. Raf1 Rc7 21.
Nxh7 Rc6 22. Nf6+ gxf6 23. Qg4+ Kh7 24. Qh5+ Bh6 25. Rxf6 Rxf6 26. Rxf6 Kg7 27.
Qxh6+ Kg8 28. Rf5 1-0

[Event "EU YCH Team U12 boys"]
[Site "Thessaloniki"]
[Date "2022.07.13"]
[Round "2.2"]
[White "Zagorac, Lara"]
[Black "Petrovski, Nikola"]
[Result "0-1"]
[WhiteElo "1499"]
[BlackElo "1389"]
[PlyCount "114"]
[EventDate "2022.07.12"]
[EventType "swiss"]
[EventRounds "7"]
[EventCountry "GRE"]
[SourceTitle "Youth Database"]
[Source "CBase R.Goldau"]
[SourceDate "2000.03.01"]
[SourceVersion "1"]
[SourceVersionDate "2022.07.18"]
[SourceQuality "1"]
[WhiteTeam "Kroatien"]
[BlackTeam "Mazedonien"]
[WhiteTeamCountry "CRO"]
[BlackTeamCountry "MKD"]

1. c4 e5 2. g3 Nc6 3. Bg2 f5 4. Nc3 Nf6 5. e3 g6 6. Nge2 Bg7 7. O-O O-O 8. d3
d6 9. a3 a5 10. Bd2 Be6 11. Nd5 Bf7 12. Nec3 Nxd5 13. Nxd5 Qd7 14. Rc1 Ra7 15.
b3 Ne7 16. Qe2 Nxd5 17. Bxd5 Bxd5 18. cxd5 Raa8 19. Rc2 b6 20. Rfc1 Rac8 21. b4
a4 22. Be1 Rf7 23. Rc6 Re7 24. Qc2 b5 25. Ra6 f4 26. Qe2 Rf8 27. Ra7 Rc8 28.
Qf3 fxg3 29. Qxg3 e4 30. d4 Qf5 31. Ra6 Rd7 32. Kg2 Qxd5 33. Qh3 Rdd8 34. Rac6
Qg5+ 35. Qg3 Qe7 36. Qg4 Rf8 37. Kf1 Bh6 38. Ke2 Rf5 39. R1c2 Qe6 40. Qg2 Rg5
41. Qf1 Qd7 42. Kd1 Bf8 43. Rc1 Qf7 44. R1c3 Rf5 45. Qe2 Kg7 46. Qc2 Qe6 47.
Rxc7+ Rxc7 48. Rxc7+ Kg8 49. Kc1 Rh5 50. Rb7 Qd5 51. Rb8 Rxh2 52. Qc8 Qf7 53.
Rxb5 Rh1 54. Kd1 Qb3+ 55. Kd2 Qd3+ 56. Kc1 Rxe1+ 57. Kb2 Qb3# 0-1

[Event "EU YCH Team U12 boys"]
[Site "Thessaloniki"]
[Date "2022.07.13"]
[Round "2.3"]
[White "Spasov, Igor Aleksandar"]
[Black "Golubovic, Erik"]
[Result "0-1"]
[WhiteElo "1337"]
[BlackElo "1594"]
[PlyCount "82"]
[EventDate "2022.07.12"]
[EventType "swiss"]
[EventRounds "7"]
[EventCountry "GRE"]
[SourceTitle "Youth Database"]
[Source "CBase R.Goldau"]
[SourceDate "2000.03.01"]
[SourceVersion "1"]
[SourceVersionDate "2022.07.18"]
[SourceQuality "1"]
[WhiteTeam "Mazedonien"]
[BlackTeam "Kroatien"]
[WhiteTeamCountry "MKD"]
[BlackTeamCountry "CRO"]

1. d4 d5 2. Nf3 e6 3. c4 c5 4. g3 Nc6 5. Bg2 Nf6 6. O-O Be7 7. Nc3 O-O 8. Bf4
dxc4 9. dxc5 Bxc5 10. Ne5 Nxe5 11. Bxe5 Be7 12. Qa4 Bd7 13. Qxc4 Rc8 14. Qd3
Bc6 15. Qxd8 Rfxd8 16. Rfd1 Bxg2 17. Kxg2 a6 18. Rac1 h6 19. f3 b5 20. a3 Kh7
21. e4 Kg6 22. Bd4 Rc4 23. Bb6 Rxd1 24. Rxd1 Bxa3 25. bxa3 Rxc3 26. Ra1 Nd7 27.
Ba5 Rc2+ 28. Kh3 Ne5 29. Rf1 Nc4 30. Bb4 Ra2 31. f4 a5 32. Bc5 Nxa3 33. f5+
exf5 34. Rxf5 b4 35. Bd4 Nc2 36. Be5 f6 37. Bc7 b3 38. Bxa5 b2 39. Rb5 Na3 40.
Rb3 b1=Q 41. Rxb1 Nxb1 0-1

[Event "EU YCH Team U12 boys"]
[Site "Thessaloniki"]
[Date "2022.07.13"]
[Round "2.4"]
[White "Mocic, Ivano"]
[Black "Krstevski, Pavel"]
[Result "1/2-1/2"]
[WhiteElo "1577"]
[BlackElo "1121"]
[PlyCount "66"]
[EventDate "2022.07.12"]
[EventType "swiss"]
[EventRounds "7"]
[EventCountry "GRE"]
[SourceTitle "Youth Database"]
[Source "CBase R.Goldau"]
[SourceDate "2000.03.01"]
[SourceVersion "1"]
[SourceVersionDate "2022.07.18"]
[SourceQuality "1"]
[WhiteTeam "Kroatien"]
[BlackTeam "Mazedonien"]
[WhiteTeamCountry "CRO"]
[BlackTeamCountry "MKD"]

1. d4 d5 2. c4 e6 3. Nc3 Nf6 4. Bg5 Be7 5. e3 O-O 6. Nf3 a6 7. cxd5 exd5 8. Bd3
Nbd7 9. Qc2 Re8 10. O-O Nf8 11. Ne5 Ng6 12. Nxg6 hxg6 13. Ne2 Ne4 14. Bxe7 Qxe7
15. Rac1 c6 16. Ng3 Nxg3 17. hxg3 Be6 18. Rfe1 Qb4 19. f3 Rad8 20. g4 Rd7 21.
Kf2 Qe7 22. Qe2 Qh4+ 23. Kg1 Rde7 24. Qf2 Qg5 25. Re2 Bd7 26. Rce1 Re6 27. e4
dxe4 28. Rxe4 Rxe4 29. Rxe4 Qc1+ 30. Kh2 Qh6+ 31. Kg1 Qc1+ 32. Kh2 Qh6+ 33. Kg1
Qc1+ 1/2-1/2

[Event "EU YCH Team U12 boys"]
[Site "Thessaloniki"]
[Date "2022.07.13"]
[Round "2.1"]
[White "Zerey, Demhat"]
[Black "Shevchenko, Yaroslav"]
[Result "1/2-1/2"]
[WhiteElo "1497"]
[BlackElo "1845"]
[PlyCount "82"]
[EventDate "2022.07.12"]
[EventType "swiss"]
[EventRounds "7"]
[EventCountry "GRE"]
[SourceTitle "Youth Database"]
[Source "CBase R.Goldau"]
[SourceDate "2000.03.01"]
[SourceVersion "1"]
[SourceVersionDate "2022.07.18"]
[SourceQuality "1"]
[WhiteTeam "Türkei"]
[BlackTeam "Ukraine"]
[WhiteTeamCountry "TUR"]
[BlackTeamCountry "UKR"]

1. e4 c5 2. Nf3 e6 3. d4 cxd4 4. Nxd4 Nc6 5. Nc3 Qc7 6. g3 a6 7. Bg2 Nf6 8. O-O
Nxd4 9. Qxd4 Bc5 10. Bf4 d6 11. Qd2 h6 12. Rad1 e5 13. Be3 Be6 14. Bxc5 dxc5
15. a4 O-O 16. Nd5 Bxd5 17. exd5 Qd6 18. Rfe1 Rfe8 19. a5 Rad8 20. Re3 Re7 21.
Rb3 c4 22. Rb6 Qc5 23. d6 Red7 24. Bxb7 Ne8 25. Qd5 Qxd6 26. Qxd6 Nxd6 27. Bxa6
Kf8 28. Rd5 f6 29. b3 c3 30. Rc6 Nf5 31. Rxd7 Rxd7 32. Rxc3 e4 33. Bc8 Rd1+ 34.
Kg2 Nd4 35. a6 Nf3 36. a7 Ra1 37. Rc7 h5 38. Be6 g6 39. Rc8+ Ke7 40. a8=Q Rg1+
41. Kh3 Ng5+ 1/2-1/2

[Event "EU YCH Team U12 boys"]
[Site "Thessaloniki"]
[Date "2022.07.13"]
[Round "2.2"]
[White "Rudenko, Taras"]
[Black "Kolat, Ata"]
[Result "1-0"]
[WhiteElo "1746"]
[BlackElo "1621"]
[PlyCount "167"]
[EventDate "2022.07.12"]
[EventType "swiss"]
[EventRounds "7"]
[EventCountry "GRE"]
[SourceTitle "Youth Database"]
[Source "CBase R.Goldau"]
[SourceDate "2000.03.01"]
[SourceVersion "1"]
[SourceVersionDate "2022.07.18"]
[SourceQuality "1"]
[WhiteTeam "Ukraine"]
[BlackTeam "Türkei"]
[WhiteTeamCountry "UKR"]
[BlackTeamCountry "TUR"]

1. e4 c5 2. Nf3 Nc6 3. d4 cxd4 4. Nxd4 g6 5. c4 Nf6 6. Nc3 Nxd4 7. Qxd4 d6 8.
Be2 Bg7 9. O-O O-O 10. Qd1 a5 11. Be3 Bd7 12. Bd4 Bc6 13. f3 Nd7 14. Kh1 Bxd4
15. Qxd4 Qb6 16. Qd2 a4 17. Rae1 Rac8 18. f4 Nc5 19. Bg4 Rcd8 20. Nd5 Bxd5 21.
exd5 Rde8 22. f5 Qc7 23. Rf3 Nd7 24. fxg6 fxg6 25. Be6+ Kg7 26. Rh3 Nf6 27.
Qh6+ Kh8 28. Qxg6 Rg8 29. Bxg8 Rxg8 30. Qc2 Rg7 31. Rf3 b5 32. b3 axb3 33. axb3
bxc4 34. bxc4 Rg4 35. Qb2 Kg7 36. Rg3 Rxg3 37. hxg3 Kf7 38. Qe2 Qa7 39. Qe3 Qc7
40. Qf4 Qc8 41. Re6 Qb7 42. g4 h6 43. Re1 Qc8 44. Qf5 Qc7 45. Qe6+ Kf8 46. Qe3
Nxg4 47. Qf4+ Nf6 48. Qxh6+ Kf7 49. Qe3 Kf8 50. Qe6 Ng8 51. Rf1+ Nf6 52. Rxf6+
exf6 53. Qxf6+ Kg8 54. Qg6+ Kf8 55. Qf6+ Kg8 56. Qg5+ Kf8 57. Qf4+ Kg8 58. Kh2
Qh7+ 59. Kg3 Qd3+ 60. Qf3 Qc2 61. Qg4+ Kf7 62. Qe6+ Kg7 63. Qe7+ Kg8 64. Qxd6
Qc3+ 65. Kh2 Qxc4 66. Qe5 Qh4+ 67. Kg1 Qc4 68. d6 Qc1+ 69. Kh2 Qh6+ 70. Kg3
Qg6+ 71. Kh3 Qh7+ 72. Kg4 Qd7+ 73. Kf3 Qc6+ 74. Kg3 Qc8 75. Qg5+ Kf8 76. Qe7+
Kg8 77. d7 Qc3+ 78. Kh4 Qd4+ 79. Kh5 Qd1+ 80. Kg5 Qd2+ 81. Kh4 Qf4+ 82. Kh3
Qf5+ 83. Kg3 Qd3+ 84. Kh2 1-0

[Event "EU YCH Team U12 boys"]
[Site "Thessaloniki"]
[Date "2022.07.13"]
[Round "2.3"]
[White "Sevig, Mert Can"]
[Black "Bubelo, Mykola"]
[Result "1-0"]
[WhiteElo "1604"]
[BlackElo "1535"]
[PlyCount "89"]
[EventDate "2022.07.12"]
[EventType "swiss"]
[EventRounds "7"]
[EventCountry "GRE"]
[SourceTitle "Youth Database"]
[Source "CBase R.Goldau"]
[SourceDate "2000.03.01"]
[SourceVersion "1"]
[SourceVersionDate "2022.07.18"]
[SourceQuality "1"]
[WhiteTeam "Türkei"]
[BlackTeam "Ukraine"]
[WhiteTeamCountry "TUR"]
[BlackTeamCountry "UKR"]

1. e4 e6 2. d4 d5 3. Nd2 dxe4 4. Nxe4 Nd7 5. Nf3 Ngf6 6. Nxf6+ Nxf6 7. Bd3 c5
8. dxc5 Bxc5 9. Qe2 Qc7 10. Bd2 O-O 11. Bc3 Qe7 12. O-O-O Nd5 13. Bd2 Bd6 14.
Kb1 Rb8 15. h4 e5 16. Bg5 Nf6 17. Bxf6 gxf6 18. g4 Kg7 19. h5 h6 20. Nh4 b6 21.
Rh3 Rh8 22. Bf5 Bb7 23. Be4 Bc8 24. Rhd3 Bc5 25. Bc6 Be6 26. Nf5+ Bxf5 27. gxf5
Rhd8 28. Qg4+ Kh8 29. Rd7 Rxd7 30. Rxd7 Qe8 31. Qd1 Bd4 32. c3 Qc8 33. Qf3 Bc5
34. b4 Bf8 35. Qd5 Qe8 36. Rxa7 Qd8 37. Rd7 Qe8 38. Rxf7 Qd8 39. Rd7 Qe8 40.
Rh7+ Kxh7 41. Bxe8 Rxe8 42. Qf7+ Bg7 43. Qg6+ Kh8 44. Qxe8+ Kh7 45. f3 1-0

[Event "EU YCH Team U12 boys"]
[Site "Thessaloniki"]
[Date "2022.07.13"]
[Round "2.4"]
[White "Bezeyko, Olexander"]
[Black "Madsman, Berk"]
[Result "0-1"]
[WhiteElo "1763"]
[BlackElo "1437"]
[PlyCount "72"]
[EventDate "2022.07.12"]
[EventType "swiss"]
[EventRounds "7"]
[EventCountry "GRE"]
[SourceTitle "Youth Database"]
[Source "CBase R.Goldau"]
[SourceDate "2000.03.01"]
[SourceVersion "1"]
[SourceVersionDate "2022.07.18"]
[SourceQuality "1"]
[WhiteTeam "Ukraine"]
[BlackTeam "Türkei"]
[WhiteTeamCountry "UKR"]
[BlackTeamCountry "TUR"]

1. Nf3 d5 2. c4 e6 3. g3 Nf6 4. Bg2 c5 5. cxd5 exd5 6. d4 Nc6 7. O-O Bd6 8.
dxc5 Bxc5 9. a3 a5 10. b3 O-O 11. Bb2 Be6 12. e3 Qe7 13. Nc3 Rfd8 14. Ne2 Ne4
15. Nfd4 Rac8 16. Qe1 b6 17. Qd1 h6 18. Nxe6 Qxe6 19. Nf4 Qe7 20. Bh3 Rb8 21.
Qg4 Ne5 22. Qh5 Ng5 23. Bg2 Qf6 24. Kh1 d4 25. exd4 Bxd4 26. Nd5 Rxd5 27. Bxd5
Bxb2 28. Rab1 Nef3 29. h4 Nd2 30. hxg5 hxg5 31. Rxb2 Nxf1 32. Re2 g6 33. Qh6
Nxg3+ 34. fxg3 Qf1+ 35. Kh2 Qxe2+ 36. Bg2 Qh5+ 0-1

[Event "EU YCH Team U12 boys"]
[Site "Thessaloniki"]
[Date "2022.07.14"]
[Round "3.1"]
[White "Marinidis, Stavros"]
[Black "Besou, Hussain"]
[Result "0-1"]
[WhiteElo "1375"]
[BlackElo "2078"]
[PlyCount "94"]
[EventDate "2022.07.12"]
[EventType "swiss"]
[EventRounds "7"]
[EventCountry "GRE"]
[SourceTitle "Youth Database"]
[Source "CBase R.Goldau"]
[SourceDate "2000.03.01"]
[SourceVersion "1"]
[SourceVersionDate "2022.07.18"]
[SourceQuality "1"]
[WhiteTeam "Griechenland"]
[BlackTeam "Deutschland"]
[WhiteTeamCountry "GRE"]
[BlackTeamCountry "GER"]

1. e4 c6 2. d4 d5 3. e5 Bf5 4. h4 h5 5. Nf3 e6 6. Bd3 Bxd3 7. Qxd3 Qa5+ 8. Bd2
Qa6 9. Qxa6 Nxa6 10. a3 c5 11. dxc5 Nxc5 12. Nc3 a6 13. O-O Ne7 14. b4 Nd7 15.
Rfe1 Rc8 16. Rac1 Nb6 17. Nb1 Nf5 18. Bg5 Nc4 19. Nfd2 Nb2 20. Nb3 Be7 21. Bxe7
Kxe7 22. g3 b6 23. Re2 Rc7 24. c3 Na4 25. Rec2 Rhc8 26. c4 dxc4 27. N1d2 b5 28.
Ne4 Rd8 29. Nbc5 Nxc5 30. Nxc5 Nd4 31. Ra2 Nf3+ 32. Kg2 Nxe5 33. Re2 Nd3 34.
Nxd3 Rxd3 35. Re3 Rxe3 36. fxe3 Rd7 37. a4 Rd2+ 38. Kf3 Rb2 39. Ke4 Rxb4 40.
axb5 axb5 41. Kd4 Kd6 42. Ra1 Ra4 43. Rb1 Kc6 44. Rb2 Ra3 45. Rb1 Rd3+ 46. Ke4
Kc5 47. Ra1 Rd7 0-1

[Event "EU YCH Team U12 boys"]
[Site "Thessaloniki"]
[Date "2022.07.14"]
[Round "3.2"]
[White "Malinowsky, Levi"]
[Black "Sardis, Ioannis"]
[Result "1-0"]
[WhiteElo "1814"]
[BlackElo "1106"]
[PlyCount "65"]
[EventDate "2022.07.12"]
[EventType "swiss"]
[EventRounds "7"]
[EventCountry "GRE"]
[SourceTitle "Youth Database"]
[Source "CBase R.Goldau"]
[SourceDate "2000.03.01"]
[SourceVersion "1"]
[SourceVersionDate "2022.07.18"]
[SourceQuality "1"]
[WhiteTeam "Deutschland"]
[BlackTeam "Griechenland"]
[WhiteTeamCountry "GER"]
[BlackTeamCountry "GRE"]

1. e4 e5 2. Nf3 Nc6 3. Bb5 a6 4. Ba4 Nf6 5. O-O Be7 6. Re1 b5 7. Bb3 d6 8. c3
Bg4 9. h3 Bh5 10. a4 O-O 11. d3 Na5 12. Bc2 c6 13. d4 Re8 14. Bg5 h6 15. Bh4
Qc7 16. Nbd2 Nb7 17. Nf1 Bg6 18. Bg3 Rad8 19. Nh4 Bh7 20. Qf3 c5 21. dxe5 dxe5
22. Ne3 Nd6 23. Bxe5 Nfxe4 24. Bxe4 Bxe4 25. Qg4 f6 26. Nef5 Bxf5 27. Nxf5 Bf8
28. Bxf6 Nxf5 29. Bxd8 Rxd8 30. Qxf5 Rd2 31. Re8 Rd8 32. Qxf8+ Kh7 33. Rxd8 1-0

[Event "EU YCH Team U12 boys"]
[Site "Thessaloniki"]
[Date "2022.07.14"]
[Round "3.1"]
[White "Shevchenko, Yaroslav"]
[Black "Kumar, Soham"]
[Result "0-1"]
[WhiteElo "1845"]
[BlackElo "1762"]
[PlyCount "88"]
[EventDate "2022.07.12"]
[EventType "swiss"]
[EventRounds "7"]
[EventCountry "GRE"]
[SourceTitle "Youth Database"]
[Source "CBase R.Goldau"]
[SourceDate "2000.03.01"]
[SourceVersion "1"]
[SourceVersionDate "2022.07.18"]
[SourceQuality "1"]
[WhiteTeam "Ukraine"]
[BlackTeam "England"]
[WhiteTeamCountry "UKR"]
[BlackTeamCountry "ENG"]

1. d4 Nf6 2. c4 c5 3. d5 b5 4. cxb5 a6 5. bxa6 Bxa6 6. Nc3 d6 7. g3 Nbd7 8. Bg2
g6 9. Nf3 Bg7 10. Rb1 O-O 11. O-O Ng4 12. h3 Nge5 13. Nxe5 Nxe5 14. b3 Rb8 15.
Bd2 e6 16. Qc2 exd5 17. Bxd5 Qd7 18. Kh2 Nc6 19. Qc1 Nd4 20. Re1 Qf5 21. Kg2
Nxe2 22. Nxe2 Qxd5+ 23. Kh2 Qf3 24. Nf4 Qxf2+ 25. Ng2 Bb7 26. Rg1 Be4 27. Qe1
Qf5 28. Rd1 Rfe8 29. Qf1 Bd4 30. Qxf5 Bxg1+ 31. Kxg1 Bxf5 32. Bf4 Bxh3 33. Rxd6
Bxg2 34. Kxg2 Rbd8 35. Rc6 Re2+ 36. Kh3 Rxa2 37. Rxc5 Rb2 38. Rb5 f6 39. Rb7 g5
40. Bc7 h5 41. g4 Rd3+ 42. Bg3 h4 43. Rb8+ Kg7 44. Rb7+ Kg6 0-1

[Event "EU YCH Team U12 boys"]
[Site "Thessaloniki"]
[Date "2022.07.14"]
[Round "3.2"]
[White "Pert, Max"]
[Black "Rudenko, Taras"]
[Result "0-1"]
[WhiteElo "1693"]
[BlackElo "1746"]
[PlyCount "62"]
[EventDate "2022.07.12"]
[EventType "swiss"]
[EventRounds "7"]
[EventCountry "GRE"]
[SourceTitle "Youth Database"]
[Source "CBase R.Goldau"]
[SourceDate "2000.03.01"]
[SourceVersion "1"]
[SourceVersionDate "2022.07.18"]
[SourceQuality "1"]
[WhiteTeam "England"]
[BlackTeam "Ukraine"]
[WhiteTeamCountry "ENG"]
[BlackTeamCountry "UKR"]

1. d4 d5 2. Nf3 Nf6 3. c4 c6 4. Nc3 e6 5. Bg5 h6 6. Bh4 dxc4 7. e4 g5 8. Bg3 b5
9. e5 Nd5 10. Nd2 Bb7 11. Be2 Nd7 12. O-O Qb6 13. Nde4 O-O-O 14. Bh5 c5 15.
dxc5 Nxc5 16. Qg4 Nxc3 17. Nxc3 Rd7 18. Rad1 Nd3 19. Qe2 Bc5 20. Ne4 Rhd8 21.
Nxc5 Nxc5 22. Rxd7 Rxd7 23. Rc1 Kb8 24. Rd1 Qd8 25. Rxd7 Qxd7 26. f3 Nd3 27.
Bf2 Nf4 28. Qc2 Nxh5 29. Bc5 Qd3 30. Qc1 Nf4 31. h3 Ne2+ 0-1

[Event "EU YCH Team U12 boys"]
[Site "Thessaloniki"]
[Date "2022.07.14"]
[Round "3.3"]
[White "Bubelo, Mykola"]
[Black "Patel, Zain"]
[Result "0-1"]
[WhiteElo "1535"]
[BlackElo "1632"]
[PlyCount "86"]
[EventDate "2022.07.12"]
[EventType "swiss"]
[EventRounds "7"]
[EventCountry "GRE"]
[SourceTitle "Youth Database"]
[Source "CBase R.Goldau"]
[SourceDate "2000.03.01"]
[SourceVersion "1"]
[SourceVersionDate "2022.07.18"]
[SourceQuality "1"]
[WhiteTeam "Ukraine"]
[BlackTeam "England"]
[WhiteTeamCountry "UKR"]
[BlackTeamCountry "ENG"]

1. e4 e5 2. Nf3 Nc6 3. d4 exd4 4. Bc4 Nf6 5. e5 d5 6. Bb5 Ne4 7. Nxd4 Bd7 8.
Bxc6 bxc6 9. O-O Bc5 10. f3 Ng5 11. Be3 Bb6 12. f4 Ne4 13. Nd2 Nxd2 14. Qxd2 c5
15. Nf3 d4 16. Bf2 O-O 17. Bh4 Qc8 18. Qf2 Bf5 19. Rad1 Bg6 20. b4 cxb4 21.
Nxd4 c5 22. Nb3 Qf5 23. Rd2 c4 24. Nd4 Qe4 25. Be7 c3 26. Rdd1 Rfd8 27. Bd6
Rac8 28. Rfe1 Qxc2 29. Nxc2 Bxf2+ 30. Kxf2 Bxc2 31. Rc1 Bf5 32. Kf3 a5 33. g4
Be6 34. Re2 Bxa2 35. Rxa2 b3 36. Rxa5 b2 37. Raa1 c2 38. Rab1 cxb1=Q 39. Rxb1
Rc2 40. f5 Ra8 41. e6 fxe6 42. fxe6 Ra1 43. e7 Kf7 0-1

[Event "EU YCH Team U12 boys"]
[Site "Thessaloniki"]
[Date "2022.07.14"]
[Round "3.4"]
[White "Soulier, Alfred"]
[Black "Bezeyko, Olexander"]
[Result "1/2-1/2"]
[WhiteElo "1425"]
[BlackElo "1763"]
[PlyCount "150"]
[EventDate "2022.07.12"]
[EventType "swiss"]
[EventRounds "7"]
[EventCountry "GRE"]
[SourceTitle "Youth Database"]
[Source "CBase R.Goldau"]
[SourceDate "2000.03.01"]
[SourceVersion "1"]
[SourceVersionDate "2022.07.18"]
[SourceQuality "1"]
[WhiteTeam "England"]
[BlackTeam "Ukraine"]
[WhiteTeamCountry "ENG"]
[BlackTeamCountry "UKR"]

1. e4 c5 2. Nf3 d6 3. d4 cxd4 4. Nxd4 Nf6 5. Nc3 a6 6. Bg5 e6 7. f4 h6 8. Bh4
Qb6 9. a3 Qc7 10. Qf3 b5 11. Bd3 Bb7 12. O-O-O Nbd7 13. Nb3 Be7 14. Rhe1 Rb8
15. Bf2 Bc6 16. g4 e5 17. f5 a5 18. h4 b4 19. axb4 axb4 20. Ne2 Ba4 21. Kd2
Bxb3 22. cxb3 Nc5 23. Bxc5 dxc5 24. Ng3 Nd7 25. h5 O-O 26. Ke2 Rbd8 27. Kf1 Nb8
28. Bc4 Nc6 29. Bd5 Nd4 30. Qd3 Bh4 31. Kg2 Qe7 32. Kh3 Kh8 33. Rb1 Rd7 34.
Rbd1 Rc8 35. Rf1 Bxg3 36. Kxg3 Qg5 37. Rf2 Ra7 38. Qd2 Qxd2 39. Rfxd2 Rcc7 40.
Rf1 Ra6 41. Bc4 Rd6 42. Rdf2 f6 43. Ra1 Rd8 44. Bd5 Rcd7 45. Kg2 Kh7 46. Ra5
Rxd5 47. exd5 Nxb3 48. Ra7 Rxd5 49. Rc7 Rd4 50. Kg3 Nd2 51. Re2 c4 52. Re1 Ne4+
53. Kf3 Ng5+ 54. Kg3 Rd3+ 55. Kf2 Nh3+ 56. Kg2 Nf4+ 57. Kf2 Rd2+ 58. Kf1 Nh3
59. Ra1 Rf2+ 60. Ke1 Rg2 61. Ra4 Nf4 62. Rxc4 Nd3+ 63. Kf1 Rxb2 64. Ra7 Rb1+
65. Kg2 Nf4+ 66. Kf2 Rb2+ 67. Kf3 Rb3+ 68. Kf2 Nd3+ 69. Ke2 Nf4+ 70. Kf2 Rb2+
71. Kf3 Rb3+ 72. Kf2 Rb2+ 73. Kf3 Nd5 74. Rc8 Rb3+ 75. Kf2 Rc3 1/2-1/2

[Event "EU YCH Team U12 boys"]
[Site "Thessaloniki"]
[Date "2022.07.14"]
[Round "3.1"]
[White "Zakin, Ilay"]
[Black "Margaritis, Ioannis M"]
[Result "1/2-1/2"]
[WhiteElo "1677"]
[BlackElo "1525"]
[PlyCount "155"]
[EventDate "2022.07.12"]
[EventType "swiss"]
[EventRounds "7"]
[EventCountry "GRE"]
[SourceTitle "Youth Database"]
[Source "CBase R.Goldau"]
[SourceDate "2000.03.01"]
[SourceVersion "1"]
[SourceVersionDate "2022.07.18"]
[SourceQuality "1"]
[WhiteTeam "Israel"]
[BlackTeam "Griechenland"]
[WhiteTeamCountry "ISR"]
[BlackTeamCountry "GRE"]

1. e4 c5 2. Nf3 d6 3. Bb5+ Bd7 4. Bxd7+ Qxd7 5. O-O Nc6 6. c3 Nf6 7. Re1 g6 8.
d4 Bg7 9. Nbd2 O-O 10. Nb3 c4 11. Nbd2 b5 12. b3 cxb3 13. Qxb3 Rab8 14. Ba3
Rfc8 15. e5 Na5 16. Qb4 Nc6 17. Qb3 Na5 18. Qb2 Nd5 19. Bb4 Nc4 20. Qb3 a5 21.
Bxa5 dxe5 22. Bb4 Nxd2 23. Nxd2 exd4 24. cxd4 Bxd4 25. Rad1 Nxb4 26. Qxb4 Bc3
27. Qf4 Rd8 28. Nf1 Qa7 29. Rxd8+ Rxd8 30. Rc1 b4 31. Qc4 Qa4 32. Rxc3 Rd1 33.
Rf3 e6 34. a3 Rb1 35. axb4 Qxb4 36. Qd3 Qb6 37. Re3 Qb5 38. Qxb5 Rxb5 39. g3
Rd5 40. Rb3 Rd1 41. Kg2 Rc1 42. Ne3 h5 43. h4 Kg7 44. Kf3 Kf6 45. Kf4 Ra1 46.
Rb4 Ra2 47. f3 Rh2 48. Rc4 Rh3 49. Nf1 Rh1 50. Rc1 Rg1 51. Ke3 Rg2 52. Re1 Ra2
53. Re2 Ra1 54. Nd2 Ra3+ 55. Kf4 Ra4+ 56. Ne4+ Kg7 57. Rc2 f5 58. Rc7+ Kf8 59.
Kg5 fxe4 60. fxe4 Rxe4 61. Kxg6 Rg4+ 62. Kf6 Kg8 63. Rc3 e5 64. Kxe5 Kf7 65.
Kf5 Kg7 66. Rd3 Kh7 67. Kf6 Rg6+ 68. Kf5 Rg4 69. Rf3 Kg7 70. Ke5 Kg6 71. Ke6
Re4+ 72. Kd5 Rg4 73. Ke5 Kh6 74. Kf6 Rg6+ 75. Kf7 Rg7+ 76. Ke6 Rg4 77. Ke7 Kg7
78. Rf7+ 1/2-1/2

[Event "EU YCH Team U12 boys"]
[Site "Thessaloniki"]
[Date "2022.07.14"]
[Round "3.2"]
[White "Karakotsios, Loukas Georgios"]
[Black "Sternfeld, Tomer"]
[Result "0-1"]
[WhiteElo "1257"]
[BlackElo "1615"]
[PlyCount "72"]
[EventDate "2022.07.12"]
[EventType "swiss"]
[EventRounds "7"]
[EventCountry "GRE"]
[SourceTitle "Youth Database"]
[Source "CBase R.Goldau"]
[SourceDate "2000.03.01"]
[SourceVersion "1"]
[SourceVersionDate "2022.07.18"]
[SourceQuality "1"]
[WhiteTeam "Griechenland"]
[BlackTeam "Israel"]
[WhiteTeamCountry "GRE"]
[BlackTeamCountry "ISR"]

1. d4 Nf6 2. c4 e6 3. Nc3 Bb4 4. Nf3 d5 5. Bg5 O-O 6. e3 b6 7. a3 Bxc3+ 8. bxc3
Bb7 9. cxd5 exd5 10. Bd3 c5 11. dxc5 bxc5 12. Qb1 Ba6 13. Bxh7+ Kh8 14. Bd3
Bxd3 15. Qxd3 Nbd7 16. O-O c4 17. Qd4 Qa5 18. Ne5 Nxe5 19. Qxe5 Ne4 20. Bf4
Nxc3 21. a4 Ne2+ 22. Kh1 Nxf4 23. exf4 Rfe8 24. Qf5 Kg8 25. Qg5 Rac8 26. Rfc1
c3 27. f5 d4 28. Qf4 d3 29. f6 Qe5 30. Qf3 d2 31. g3 dxc1=Q+ 32. Rxc1 Qxf6 33.
Qb7 Qc6+ 34. Qxc6 Rxc6 35. Kg2 c2 36. h4 Rd8 0-1